000 01026nam a2200229Ia 4500
001 L911-40635
003 IT-CnALBA
008 170116s9999||||xx |||||||||||||| ||und||
040 _aIT-CnALBA
_cIT-CnALBA
041 _aITALIANO
100 _aLUGANI VALERIO
245 0 _aBASILICATA. ENCICLOPEDIA DELLE REGIONI. ITALIA.
250 _a1a ed.
260 _aMILANO
_bARISTEA EDITRICE
_c1966 [1° Ed.:1966 - Ed.Ling.Originale: 1966]
300 _a188 p.
500 _aCOMUNICAZIONI, VIE. STORIA E VITA. ASPETTO GEOGRAFICO. LAVORO INDUSTRIA ECONOMIA E COMMERCIO. TRADIZIONI. POTENZA. MATERA. BREVE DELLA REGIONE. UOMINI ILLUSTRI LEGGENDE.
501 _aSocietà San Paolo EM - Piazza San Paolo, 14 - 12051 ALBA (CN) (non commercial uses only) ® Copyright 2017
520 _aCOMUNICAZIONI, VIE. STORIA E VITA. ASPETTO GEOGRAFICO. LAVORO INDUSTRIA ECONOMIA E COMMERCIO. TRADIZIONI. POTENZA. MATERA. BREVE DELLA REGIONE. UOMINI ILLUSTRI LEGGENDE.
650 _aGEOGRAFIA VIAGGI
942 _cBK
957 _71
999 _a45723
_bNO
_g Copie: 1
_c299604
_d299604